Las asociaciones económicas no cooperativas de la agricultura familiar : algunas nociones y conceptos para su estudio y consolidación /

Guardado en:
Autor Principal: Lattuada, Mario.
Autores Corporativos: Instituto Interamericano de Cooperación para la Agricultura. Oficina en la Argentina., Instituto Nacional de Tecnología Agropecuaria (Argentina)
Formato: Libro
Idioma:Spanish
Publicado: Buenos Aires : IICA : INTA, 2014.
Acceso en línea:Acceso a texto completo
Etiquetas: Agregar Etiqueta
Sin Etiquetas, Sea el primero en etiquetar este registro!
LEADER 01043nam a22002055a 4500
001 EEA.libagro010443
008 150714s2014####ag#a##########000#0#spa#d
005 20200904103858.0
245 1 0 |a Las asociaciones económicas no cooperativas de la agricultura familiar :  |b algunas nociones y conceptos para su estudio y consolidación /  |c Mario Lattuada. 
260 |a Buenos Aires :  |b IICA :  |b INTA,  |c 2014. 
300 |a 72 p. :  |b il. ;  |c 28 cm. 
500 |a Iniciativa de Fortalecimiento de Capacidades Asociativas de la Agricultura Familiar. 
500 |a Coordinación de la iniciativa: Diego Ramilo (INTA), Federico Ganduglia (IICA). 
530 |a Disponible también en línea. 
020 |a 9789875215054 
100 1 |a Lattuada, Mario. 
710 2 |a Instituto Interamericano de Cooperación para la Agricultura.  |b Oficina en la Argentina. 
710 2 |b Instituto Nacional de Tecnología Agropecuaria (Argentina) 
856 4 1 |3 Acceso a texto completo  |u http://repiica.iica.int/docs/b3368e/b3368e.pdf 
859 |a AR-BbBCA  |b BIB. AGRONOMIA  |h 338.1  |i L365-1  |p 2015/6554